MARC

LEADER 00000nam0a2200000 4500
001 1711
005 20231101204213.0
010 |a 5851290145 
035 |a (RuTPU)RU\TPU\book\1719 
035 |a BOOK00001721 
090 |a 1711 
100 |a 20011209d1995 m y0rusy50 ca 
101 0 |a rus 
102 |a RU 
105 |a a z 000zy 
200 1 |a Азбука общения, или Public relations библиотеки  |f Б. Ашервуд 
210 |a Москва  |c Либерея  |d 1995 
215 |a 174 с.  |c ил. 
225 1 |a Приложение к журналу "Библиотека"  |v Ч.6 
606 1 |a Библиотеки  |x Участие общественности  |2 stltpush  |3 (RuTPU)RU\TPU\subj\28590  |9 52107 
610 1 |a библиотечное дело 
610 1 |a Public relations 
610 1 |a общественный имидж 
610 1 |a общение 
610 1 |a печатные издания 
610 1 |a аудиовизуальные материалы 
610 1 |a сценарии 
610 1 |a слайды 
610 1 |a дизайн 
610 1 |a выставки 
610 1 |a пресса 
610 1 |a радио 
610 1 |a телевидение 
610 1 |a консультации 
610 1 |a публичные выступления 
610 1 |a общество 
610 1 |a информирование 
610 1 |a акции 
610 1 |a самоуправление 
686 |a Ч737  |v LBC/SL-A  |2 rubbk 
700 1 |a Ашервуд  |b Б. 
801 0 |a RU  |b 63413507  |c 20011209  |g PSBO 
801 2 |a RU  |b 63413507  |c 20221013  |g PSBO 
942 |c BK